Disney Bronze Era Animated Films - Statistics

General Stats
  • This quiz has been taken 10 times
  • The average score is 11 of 16
Answer Stats
Question Answer % Correct
In The Aristocats where does mother cat Duchess and her three kittens live? Paris
100%
Who is a brilliant mouse detective from London's Baker Street? Basil
86%
In Oliver & Company what animal is Oliver? Kitten
86%
Who is Robin Hood's loyal best friend, portrayed as a brown bear? Little John
86%
What animals are Bernard and Bianca, the main characters in The Rescuers? Mice
86%
What is the name of the six-year-old orphan girl they must rescue from two treasure hunters who intend to use her to help them find a giant diamond? Penny
86%
What stories is the film "The Great Mouse Detective" directly based on? Sherlock Holmes
86%
What English writer is best known for his books about the teddy bear Winnie-the-Pooh? A. A. Milne
71%
How is Robin Hood portrayed in the 1973 animated film? As a red fox
71%
Who is not a Duchess' kitten? Roquefort
71%
Which of the stories was not originally included in "The Many Adventures of Winnie the Pooh"? Winnie the Pooh and a Day for Eeyore
71%
Who is a feral cat, that offers to guide Duchess and the kittens back home? Thomas
57%
In The Fox and the Hound what is Hound's name? Copper
43%
To whom does the Madame Bonfamille declare that she will leave her enormous fortune when making her will? Her cats
43%
Who is the teenage "pig keeper's assistant" from the cartoon The Black Cauldron, who dreams of becoming a famous warrior? Taran
14%
What mythology is the story from the cartoon The Black Cauldron based on? Welsh mythology
14%
No matching quizzes found
Score Distribution
Percent of People with Each Score
Percentile by Number Answered
Your Score History
You have not taken this quiz